000 00325 a2200157 4500
001 194296
020 _a978-85-08-17665-6
040 _cMagnum
100 _aFrança, Mary
240 1 0 _aA boca do sapo
_lpor
245 1 0 _aA boca do sapo
300 _a16
362 0 _a2015
697 _aLITERATURA INFANTIL
942 _cBK
999 _c194296
_d194296